| 000 | 00377nam a2200157Ia 4500 | ||
|---|---|---|---|
| 008 | 210719s1953 xx 000 0 und d | ||
| 041 | _aeng | ||
| 082 | _a342.73 PADL | ||
| 100 | _aPADOVER (Saul K) | ||
| 245 | _aLiving U S constitution. | ||
| 260 |
_aNY _bNew American Library _c1953 |
||
| 300 |
_a176 _bPB |
||
| 365 | _cRs | ||
| 650 | _aConstitutional Law | ||
| 906 | _aUSC | ||
| 999 |
_c212695 _d212695 |
||